New scheme to speed up listed building consent (Record no. 82221)

MARC details
000 -LEADER
fixed length control field 01016cad a22002055a 4500
001 - CONTROL NUMBER
control field E149596
008 - FIXED-LENGTH DATA ELEMENTS--GENERAL INFORMATION
fixed length control field 100323e20100322xxk 000 0 eng d
035 ## - SYSTEM CONTROL NUMBER
System control number (Sirsi) u149596
041 0# - LANGUAGE CODE
Language code of text/sound track or separate title eng
110 2# - MAIN ENTRY--CORPORATE NAME
Corporate name or jurisdiction name as entry element Historic Scotland
9 (RLIN) 2914
245 00 - TITLE STATEMENT
Title New scheme to speed up listed building consent
Medium [electronic resource]
260 ## - PUBLICATION, DISTRIBUTION, ETC.
Date of publication, distribution, etc. 2010
490 ## - SERIES STATEMENT
Series statement Historic Scotland News Release
Volume/sequential designation 22 March 2010
520 ## - SUMMARY, ETC.
Summary, etc. Following a successful pilot (see E146035), Historic Scotland are to extend a scheme to speed up the system of listed building consent by allowing local authorities in Scotland to determine certain applications relating to category B buildings, without the input of Historic Scotland.
590 ## - LOCAL NOTE (RLIN)
Local note KA
651 #4 - SUBJECT ADDED ENTRY--GEOGRAPHIC NAME
Geographic name Scotland
Chronological subdivision 1999-
690 ## - LOCAL SUBJECT ADDED ENTRY--TOPICAL TERM (OCLC, RLIN)
Topical term or geographic name as entry element BUILT ENVIRONMENT-BUILDING TYPES-ANCIENT MONUMENTS AND HISTORIC BUILDINGS
856 40 - ELECTRONIC LOCATION AND ACCESS
Uniform Resource Identifier <a href="https://www.historic-scotland.gov.uk/index/news/news_article.htm?articleid=27207">https://www.historic-scotland.gov.uk/index/news/news_article.htm?articleid=27207</a>
Public note View the news release free of charge at www.historic-scotland.gov.uk
942 ## - ADDED ENTRY ELEMENTS (KOHA)
Suppress in OPAC 0
Holdings
Withdrawn status Lost status Source of classification or shelving scheme Damaged status Not for loan Home library Current library Shelving location Date acquired Total Checkouts Full call number Barcode Date last seen Copy number Price effective from Koha item type
    Dewey Decimal Classification     Virtual Virtual Online 23/03/2010   ONLINE PUBLICATION 149596-2001 06/08/2019 1 06/08/2019 Journal article